Sports Quiz

Random Sports or NFL Quiz
Score 0/45 Timer 04:00
2 Plays Today
% Correct
Chris Johnson
91.3%
Larry Johnson
90.9%
DeAngelo Williams
90.3%
DeAngelo Williams
90.3%
Ricky Williams
90.2%
Moe Williams
89.8%
Jonathan Stewart
84.9%
Jonathan Stewart
84.9%
Kordell Stewart
84.4%
Adrian Peterson
83.3%
Ray Rice
82.2%
Priest Holmes
78.6%
Priest Holmes
78.6%
Tiki Barber
72.7%
Fred Taylor
70.7%
Chester Taylor
70.6%
Michael Vick
67.8%
Brian Westbrook
67.8%
Jerome Bettis
65%
Brandon Jacobs
64.5%
Warrick Dunn
64.4%
Warrick Dunn
64.4%
Robert Smith
60.1%
% Correct
LenDale White
59.6%
Ronnie Brown
59.1%
Mike Anderson
51.5%
Willis McGahee
51%
Willis McGahee
51%
Beanie Wells
48.4%
Tim Hightower
38.7%
Daunte Culpepper
33.5%
Daunte Culpepper
33.5%
Tatum Bell
32.4%
Vince Young
30.5%
TJ Duckett
27.9%
Charlie Garner
27.2%
Le'Ron McClain
23.8%
Travis Henry
23.2%
Tyrone Wheatley
19.6%
Correll Buckhalter
15.3%
Tony Richardson
6.9%
Zack Crockett
6.3%
Zack Crockett
6.3%
Derrick Blaylock
5.3%
Stacey Mack
2.6%

You're not logged in!

Compare scores with friends on all Sporcle quizzes.
OR
Log In

Sporcle TV

Today on Sporcle TV


Watch our educational content, quiz creation guides, and fun videos on Sporcle TV.

Show Comments

Extras

Top Quizzes Today


Score Distribution

Your Account Isn't Verified!

In order to create a playlist on Sporcle, you need to verify the email address you used during registration. Go to your Sporcle Settings to finish the process.

Report this User

Report this user for behavior that violates our Community Guidelines.

Details: